Hóa học phức chất

Sparad:
Bibliografiska uppgifter
Materialtyp: Bok
Språk:Undetermined
Publicerad: Cần Thơ Trường Đại học Cần Thơ 2020
Ämnen:
Taggar: Lägg till en tagg
Inga taggar, Lägg till första taggen!
Thư viện lưu trữ: Trung tâm Học liệu Trường Đại học Cần Thơ
LEADER 00538nam a2200181Ia 4500
001 CTU_238598
008 210402s9999 xx 000 0 und d
082 |a 546.345 
082 |b H401 
245 0 |a Hóa học phức chất 
260 |a Cần Thơ 
260 |b Trường Đại học Cần Thơ 
260 |c 2020 
526 |b SP405 
650 |a Hóa học vô cơ,Chemistry, inorganic 
650 |x Dạy và học,Study and teaching 
910 |b nthai 
980 |a Trung tâm Học liệu Trường Đại học Cần Thơ